عرض عادي
عرض مارك
- Bloom, Lillian D.
مدخل إسم شخص
001 - رقم الضبط
- حقل الضبط: 8343
003 - معرف رقم الضبط
- حقل الضبط: OSt
005 - تاريخ ووقت أخر عملية
- حقل الضبط: 20111214115021.0
008 - عناصر بيانات ثابتة الطول
- حقل تحكم ثابت الطول: 111214|||a|||||| | ||| d
040 ## - مصدر الفهرسة
- هيئة الفهرسة الأصلية: OSt
- وكالة الكتابة: OSt
100 ## - مدخل -- أسم شخص
- إسم شخص: Bloom, Lillian D.
670 ## - بيانات المصدر موجوده
- الاستشهاد بالمصدر: Work cat.: (OSt)0: Burney, Fanny, 1752-1840. 8340, Camilla, or, A picture of youth /, [2009]
